000 01167cam a22002295a 4500
001 L149844
008 100504e2010 xxk 000 0 eng d
035 _a(Sirsi) u149844
041 0 _aeng
100 1 _aEade, Christine
245 0 0 _aMarkets
_bHampshire, Dorset and Wiltshire
260 _c2010
490 0 _aProperty Week
_v76(15) 16 April 2010, 39-44(5)
520 _aBournemouth Borough Council seeks developer to redevelop all 16 of the city's car parks into mixed-use schemes. House building in Hampshire is recovering slowly and major projects at Aldershot, Waterlooville and Horndean are progressing well. 2010 will be a tough year in the Hampshire office market as tenants remain thin on the ground. Festival Place, Basingstoke opened in 2002, has received a BCSC award for best established shopping centre. Basingstoke Council is seeking a developer to turn Basingstoke centre into one of the largest town centre business parks in the country.
590 _aKA
651 4 _aHampshire
651 4 _aDorset
651 4 _aWiltshire
690 _aPROPERTY-COMMERCIAL PROPERTY-COMMERCIAL PROPERTY MARKET
700 1 _aShepherd, Mark
942 _n0
999 _c82297
_d82297